Statistics for Boston Celtics Roster

Click here to take the quiz!

General Stats

  • This quiz has been taken 52 times
  • The average score is 7 of 14

Answer Stats

Roster Rank Player Position MPG % Correct
StarterIsaiah ThomasPoint Guard32.2
90%
StarterAvery BradleyShooting Guard33.4
74%
BackupMarcus SmartPoint Guard28.0
74%
StarterJae CrowderSmall Forward31.6
70%
3rd StringTerry RozierPoint Guard8.0
54%
StarterAmir JohnsonPower Forward22.8
50%
BackupKelly OlynykCenter20.2
46%
StarterJared SullingerCenter23.6
36%
3rd StringTyler ZellerCenter11.8
34%
BackupEvan TurnerShooting Guard27.3
30%
BackupJames YoungSmall Forward6.9
28%
BackupJonas JerebkoPower Forward15.1
26%
3rd StringJordan MickeyPower Forward3.6
24%
3rd StringR.J. HunterShooting Guard8.8
22%

Score Distribution

Percentile by Number Answered

Percent of People with Each Score

Your Score History

You have not taken this quiz